Statistiques concernant Top tennis français #mars2024

Cliquez ici pour prendre le quiz!

Statistiques générales

  • Ce quiz a été pris 17 fois
  • Le résultat moyen est 8 sur 10

Statistiques - réponses

Réponse% Correct
Adrian MannarinoTop 20
100%
Arthur FilsTop 36
100%
Gaël MonfilsTop 45
100%
Ugo HumbertTop 14
100%
Luca Van AsscheTop 96
86%
Alexandre MüllerTop 83
64%
Arthur CazauxTop 75
64%
Arthur RinderknechTop 79
64%
Hugo GastonTop 88
64%
Constant LestienneTop 89
43%

Distribution des résultats

Percentile par nombre de réponses

% des personnes avec chaque résultat

Votre développement - résultats

Vous n’avez pas pris ce quiz